[Event "Grand Swiss "]
[Date "2025.09.05"]
[White "Hakobyan, Aram"]
[Black "Nihal Sarin"]
[WhiteElo "2625"]
[BlackElo "2693"]
[Round "2.2.21"]
[Result "0-1"]

1. e4 {[%clk 01:40:17] [%emt 00:00:41]} e5 {[%clk 01:39:59] [%emt 00:01:02]} 2.
Nf3 {[%clk 01:40:40] [%emt 00:00:07]} Nc6 {[%clk 01:40:24] [%emt 00:00:05]} 3.
Bc4 {[%clk 01:41:02] [%emt 00:00:08]} Bc5 {[%clk 01:40:48] [%emt 00:00:06]} 4.
d3 {[%clk 01:41:19] [%emt 00:00:13]} Nf6 {[%clk 01:40:54] [%emt 00:00:24]} 5. a4
{[%clk 01:41:38] [%emt 00:00:11]} a5 {[%clk 01:32:26] [%emt 00:08:58]} 6. Be3
{[%clk 01:40:45] [%emt 00:01:24]} Bb4+ {[%clk 01:32:11] [%emt 00:00:45]} 7. c3
{[%clk 01:38:12] [%emt 00:03:03]} Be7 {[%clk 01:31:59] [%emt 00:00:42]} 8. Qb3
{[%clk 01:35:02] [%emt 00:03:39]} O-O {[%clk 01:32:03] [%emt 00:00:26]} 9. h3
{[%clk 01:33:54] [%emt 00:01:39]} d6 {[%clk 01:30:49] [%emt 00:01:44]} 10. O-O
{[%clk 01:31:50]} h6 {[%clk 01:17:21] [%emt 00:16:32]} 11. Nbd2 {[%clk
01:31:40]} Nh5 {[%clk 01:14:53] [%emt 00:03:37]} 12. Qd1 {[%clk 01:11:27]} Nf6
{[%clk 01:11:59] [%emt 00:24:08]} 13. Qb3 {[%clk 01:07:12]} Nh5 {[%clk 01:10:50]
[%emt 00:06:24]} 14. d4 {[%clk 01:03:25] [%emt 00:04:16]} Bg5 {[%clk 01:08:24]
[%emt 00:02:56]} 15. Nxg5 {[%clk 00:56:06] [%emt 00:07:49]} hxg5 {[%clk
01:06:48] [%emt 00:02:06]} 16. Nf3 {[%clk 00:45:59] [%emt 00:10:37]} Nf4 {[%clk
01:06:56] [%emt 00:00:22]} 17. dxe5 {[%clk 00:45:50] [%emt 00:00:40]} dxe5
{[%clk 00:36:01] [%emt 00:31:25]} 18. Bc5 {[%clk 00:42:27] [%emt 00:03:52]} Qf6
{[%clk 00:15:26] [%emt 00:21:05]} 19. Bxf8 {[%clk 00:32:15] [%emt 00:10:42]}
Nxg2 {[%clk 00:15:39] [%emt 00:00:17]} 20. Nh2 {[%clk 00:24:47] [%emt 00:07:58]}
Bxh3 {[%clk 00:15:50] [%emt 00:00:20]} 21. Bc5 {[%clk 00:24:23] [%emt 00:00:53]}
Nh4 {[%clk 00:16:00] [%emt 00:00:20]} 22. Be2 {[%clk 00:19:21] [%emt 00:05:32]}
g4 {[%clk 00:15:43] [%emt 00:00:48]} 23. Rfd1 {[%clk 00:08:00] [%emt 00:11:51]}
Qg6 {[%clk 00:11:44] [%emt 00:04:30]} 24. Nf1 {[%clk 00:06:48] [%emt 00:01:42]}
Qxe4 {[%clk 00:06:07] [%emt 00:06:07]} 25. Ne3 {[%clk 00:07:16] [%emt 00:00:01]}
Nf3+ {[%clk 00:06:13] [%emt 00:00:26]} 26. Bxf3 {[%clk 00:07:22] [%emt
00:00:23]} gxf3 {[%clk 00:06:41] [%emt 00:00:02]} 27. Qc4 {[%clk 00:05:39] [%emt
00:02:12]} Qh7 {[%clk 00:06:45] [%emt 00:00:26]} 28. Rd5 {[%clk 00:02:29] [%emt
00:03:40]} Re8 {[%clk 00:04:20] [%emt 00:02:56]} 29. Rad1 {[%clk 00:02:43] [%emt
00:00:16]} Qh5 {[%clk 00:02:36] [%emt 00:02:14]} 30. Qe4 {[%clk 00:01:09] [%emt
00:02:04]} f5 {[%clk 00:02:14] [%emt 00:00:52]} 31. Qc4 {[%clk 00:01:38]} Kh7
{[%clk 00:01:56] [%emt 00:00:49]} 32. Rd7 {[%clk 00:00:49] [%emt 00:01:19]} Qg5+
{[%clk 00:00:38] [%emt 00:01:48]} 33. Kh2 {[%clk 00:01:05] [%emt 00:00:14]} Qh6
{[%clk 00:00:41] [%emt 00:00:28]} 34. Kg1 {[%clk 00:00:48] [%emt 00:00:46]} Re6
{[%clk 00:00:43] [%emt 00:00:28]} 35. Nf1 {[%clk 00:00:31] [%emt 00:00:48]} Bxf1
{[%clk 00:01:01] [%emt 00:00:11]} 36. Qxe6 {[%clk 00:00:33] [%emt 00:00:27]}
Qxe6 {[%clk 00:01:27] [%emt 00:00:05]} 37. Bf8 {[%clk 00:00:56] [%emt 00:00:07]}
Kg8 {[%clk 00:01:31] [%emt 00:00:26]} 38. Bxg7 {[%clk 00:01:15] [%emt 00:00:11]}
Be2 {[%clk 00:01:47] [%emt 00:00:14]} 0-1

[Site "Europe Echecs"]

[Event "Grand Swiss "]
[Date "2025.09.05"]
[White "Shirov, Alexei"]
[Black "Sevian, Samuel"]
[WhiteElo "2616"]
[BlackElo "2692"]
[Round "2.2.22"]
[Result "1/2-1/2"]

1. d4 {[%clk 01:40:55] [%emt 00:00:03]} Nf6 {[%clk 01:38:06] [%emt 00:02:55]} 2.
Nf3 {[%clk 01:39:40] [%emt 00:01:45]} g6 {[%clk 01:35:44] [%emt 00:02:52]} 3. c4
{[%clk 01:31:23] [%emt 00:08:47]} Bg7 {[%clk 01:34:55] [%emt 00:01:20]} 4. Nc3
{[%clk 01:30:49] [%emt 00:01:03]} O-O {[%clk 01:29:05] [%emt 00:06:20]} 5. e4
{[%clk 01:30:56] [%emt 00:00:22]} d6 {[%clk 01:29:31] [%emt 00:00:05]} 6. Be2
{[%clk 01:19:19] [%emt 00:12:07]} Na6 {[%clk 01:25:27] [%emt 00:04:34]} 7. Be3
{[%clk 01:12:42] [%emt 00:07:07]} e5 {[%clk 01:16:00] [%emt 00:09:57]} 8. O-O
{[%clk 00:58:44] [%emt 00:14:28]} Qe7 {[%clk 01:15:10] [%emt 00:01:20]} 9. dxe5
{[%clk 00:54:50] [%emt 00:04:23]} dxe5 {[%clk 01:15:10] [%emt 00:00:31]} 10. Nd5
{[%clk 00:55:05] [%emt 00:00:15]} Qd8 {[%clk 01:15:09] [%emt 00:00:31]} 11.
Nxf6+ {[%clk 00:47:57] [%emt 00:07:37]} Bxf6 {[%clk 01:00:21] [%emt 00:15:20]}
12. c5 {[%clk 00:40:06] [%emt 00:08:20]} Qxd1 {[%clk 01:00:30] [%emt 00:00:21]}
13. Raxd1 {[%clk 00:24:59] [%emt 00:15:36]} Nb4 {[%clk 01:00:01] [%emt
00:01:00]} 14. Bh6 {[%clk 00:20:41] [%emt 00:04:48]} Re8 {[%clk 00:53:33] [%emt
00:06:58]} 15. Bb5 {[%clk 00:13:53] [%emt 00:07:18]} Nc6 {[%clk 00:51:32] [%emt
00:02:32]} 16. Rd2 {[%clk 00:09:13] [%emt 00:05:10]} Be6 {[%clk 00:48:38] [%emt
00:03:24]} 17. a3 {[%clk 00:07:56] [%emt 00:01:47]} Red8 {[%clk 00:43:29] [%emt
00:05:39]} 18. Bxc6 {[%clk 00:08:13] [%emt 00:00:13]} bxc6 {[%clk 00:43:48]
[%emt 00:00:12]} 19. Rfd1 {[%clk 00:08:35] [%emt 00:00:08]} Re8 {[%clk 00:37:50]
[%emt 00:06:29]} 20. h3 {[%clk 00:08:09] [%emt 00:00:55]} a5 {[%clk 00:35:11]
[%emt 00:03:10]} 21. g4 {[%clk 00:07:16] [%emt 00:01:22]} Bh8 {[%clk 00:30:11]
[%emt 00:05:30]} 22. Rd3 {[%clk 00:03:52] [%emt 00:03:54]} f6 {[%clk 00:24:33]
[%emt 00:06:09]} 23. Kg2 {[%clk 00:03:59] [%emt 00:00:22]} Rab8 {[%clk 00:19:23]
[%emt 00:05:40]} 24. Bd2 {[%clk 00:03:15] [%emt 00:01:14]} a4 {[%clk 00:14:36]
[%emt 00:05:18]} 25. Bc3 {[%clk 00:02:21] [%emt 00:01:23]} Bg7 {[%clk 00:14:27]
[%emt 00:00:40]} 26. Kg3 {[%clk 00:01:54] [%emt 00:00:56]} Rb5 {[%emt 00:05:57]}
27. Rd8 {[%clk 00:01:17] [%emt 00:00:44]} Kf7 {[%clk 00:08:01] [%emt 00:01:53]}
28. Bb4 {[%clk 00:01:33] [%emt 00:00:13]} Bf8 {[%clk 00:03:55] [%emt 00:04:37]}
29. Rxe8 {[%clk 00:01:58] [%emt 00:00:05]} Kxe8 {[%clk 00:04:22] [%emt
00:00:03]} 30. Rc1 {[%clk 00:01:26] [%emt 00:01:01]} Bh6 {[%clk 00:04:05] [%emt
00:00:47]} 31. g5 {[%clk 00:01:12] [%emt 00:00:44]} Bxg5 {[%clk 00:00:39] [%emt
00:03:57]} 32. Nxg5 {[%clk 00:01:36] [%emt 00:00:05]} fxg5 {[%clk 00:01:08]
[%emt 00:00:02]} 33. h4 {[%clk 00:01:53] [%emt 00:00:13]} gxh4+ {[%clk 00:00:40]
[%emt 00:00:58]} 34. Kxh4 1/2-1/2

[Site "Europe Echecs"]

[Event "Grand Swiss "]
[Date "2025.09.05"]
[White "Van Foreest, Jorden"]
[Black "Santos Latasa, Jaime"]
[WhiteElo "2692"]
[BlackElo "2620"]
[Round "2.2.23"]
[Result "1/2-1/2"]

1. d4 {[%clk 01:40:56] [%emt 00:00:03]} Nf6 {[%clk 01:40:54] [%emt 00:00:07]} 2.
Bg5 {[%clk 01:41:14] [%emt 00:00:11]} e6 {[%clk 01:38:20] [%emt 00:03:04]} 3.
Nd2 {[%clk 01:41:07] [%emt 00:00:37]} c5 {[%clk 01:38:08] [%emt 00:00:43]} 4. e3
{[%clk 01:40:42] [%emt 00:00:54]} cxd4 {[%clk 01:35:44] [%emt 00:02:56]} 5. exd4
{[%clk 01:41:01] [%emt 00:00:10]} Be7 {[%clk 01:36:07] [%emt 00:00:07]} 6. c3
{[%clk 01:37:54] [%emt 00:03:37]} b6 {[%clk 01:31:57] [%emt 00:04:40]} 7. Nc4
{[%clk 01:36:34] [%emt 00:01:49]} O-O {[%clk 01:27:15] [%emt 00:05:12]} 8. Ne3
{[%clk 01:36:52] [%emt 00:00:12]} Bb7 {[%clk 01:25:00] [%emt 00:02:46]} 9. Bd3
{[%clk 01:33:32] [%emt 00:03:50]} d6 {[%clk 01:24:33] [%emt 00:00:57]} 10. Bxf6
{[%clk 01:29:09] [%emt 00:04:52]} Bxf6 {[%clk 01:24:48] [%emt 00:00:17]} 11. Nf3
{[%clk 01:18:27] [%emt 00:11:12]} Nd7 {[%clk 01:22:27] [%emt 00:02:51]} 12. h4
{[%clk 01:17:06] [%emt 00:01:50]} h6 {[%clk 01:16:14] [%emt 00:06:44]} 13. Qe2
{[%clk 00:59:24] [%emt 00:18:12]} e5 {[%clk 01:05:53] [%emt 00:10:52]} 14. dxe5
{[%clk 00:56:07] [%emt 00:03:47]} dxe5 {[%clk 00:50:05] [%emt 00:16:18]} 15. Rd1
{[%clk 00:31:09] [%emt 00:25:28]} e4 {[%clk 00:45:07] [%emt 00:05:28]} 16. Bxe4
{[%clk 00:30:15] [%emt 00:01:23]} Bxe4 {[%clk 00:45:32] [%emt 00:00:06]} 17. Qb5
{[%clk 00:30:39] [%emt 00:00:05]} Qc8 {[%clk 00:45:42] [%emt 00:00:20]} 18. Qxd7
{[%clk 00:30:49] [%emt 00:00:20]} Qa6 {[%clk 00:46:07] [%emt 00:00:05]} 19. Nd4
{[%clk 00:23:57] [%emt 00:07:22]} Qxa2 {[%clk 00:39:01] [%emt 00:07:36]} 20. Qb5
{[%clk 00:16:30] [%emt 00:07:57]} a6 {[%clk 00:35:47] [%emt 00:03:44]} 21. Qe2
{[%clk 00:16:14] [%emt 00:00:46]} Rfe8 {[%clk 00:32:01] [%emt 00:04:16]} 22. O-O
{[%clk 00:16:27] [%emt 00:00:16]} Qa5 {[%clk 00:31:38] [%emt 00:00:54]} 23. Ra1
{[%clk 00:13:24] [%emt 00:03:33]} Qc5 {[%clk 00:31:06] [%emt 00:01:02]} 24. Rxa6
{[%clk 00:13:21] [%emt 00:00:32]} Rxa6 {[%clk 00:31:01] [%emt 00:00:36]} 25.
Qxa6 {[%clk 00:13:47] [%emt 00:00:04]} Bxh4 {[%clk 00:28:40] [%emt 00:02:51]}
26. Qb5 {[%clk 00:14:07] [%emt 00:00:10]} Rd8 {[%clk 00:27:32] [%emt 00:01:39]}
27. Qxc5 {[%clk 00:11:33] [%emt 00:03:04]} bxc5 {[%clk 00:27:49] [%emt
00:00:12]} 28. Nb3 {[%clk 00:11:31] [%emt 00:00:32]} Be7 {[%clk 00:27:47] [%emt
00:00:33]} 29. Ra1 {[%clk 00:11:08] [%emt 00:00:53]} Rb8 {[%clk 00:23:50] [%emt
00:04:26]} 30. Nd2 {[%clk 00:11:17] [%emt 00:00:21]} Bc6 {[%clk 00:24:13] [%emt
00:00:06]} 31. Ra6 {[%clk 00:11:06] [%emt 00:00:42]} Bb5 {[%clk 00:19:42] [%emt
00:05:01]} 32. Ra7 {[%clk 00:11:19] [%emt 00:00:17]} Bg5 {[%clk 00:19:39] [%emt
00:00:34]} 33. Rc7 {[%clk 00:09:13] [%emt 00:02:36]} Bd3 {[%clk 00:15:28] [%emt
00:04:41]} 1/2-1/2

[Site "Europe Echecs"]

[Event "Grand Swiss "]
[Date "2025.09.05"]
[White "Esipenko, Andrey"]
[Black "Korobov, Anton"]
[WhiteElo "2687"]
[BlackElo "2616"]
[Round "2.2.25"]
[Result "1-0"]

1. e4 {[%clk 01:40:55] [%emt 00:00:04]} e6 {[%clk 01:40:47] [%emt 00:00:13]} 2.
d4 {[%clk 01:41:02] [%emt 00:00:24]} d5 {[%clk 01:41:10] [%emt 00:00:06]} 3. Nc3
{[%clk 01:41:22] [%emt 00:00:10]} Nf6 {[%clk 01:41:26] [%emt 00:00:14]} 4. e5
{[%clk 01:41:43] [%emt 00:00:09]} Nfd7 {[%clk 01:41:49] [%emt 00:00:06]} 5. f4
{[%clk 01:42:08] [%emt 00:00:06]} c5 {[%clk 01:42:13] [%emt 00:00:07]} 6. Nf3
{[%clk 01:42:32] [%emt 00:00:05]} Nc6 {[%clk 01:42:31] [%emt 00:00:12]} 7. Be3
{[%clk 01:42:53] [%emt 00:00:09]} a6 {[%clk 01:42:49] [%emt 00:00:12]} 8. Be2
{[%clk 01:43:11] [%emt 00:00:12]} b5 {[%clk 01:42:06] [%emt 00:01:13]} 9. a3
{[%clk 01:43:33] [%emt 00:00:09]} b4 {[%clk 01:33:22] [%emt 00:09:13]} 10. axb4
{[%clk 01:39:19] [%emt 00:04:44]} cxb4 {[%clk 01:33:48] [%emt 00:00:04]} 11. Na4
{[%clk 01:38:26] [%emt 00:01:24]} Be7 {[%clk 01:34:10] [%emt 00:00:07]} 12. O-O
{[%clk 01:37:07] [%emt 00:01:49]} O-O {[%clk 01:34:18] [%emt 00:00:21]} 13. Bd3
{[%clk 01:21:45] [%emt 00:15:52]} a5 {[%clk 01:32:19] [%emt 00:02:29]} 14. Qe2
{[%clk 01:16:27] [%emt 00:05:49]} f5 {[%clk 01:22:39] [%emt 00:10:09]} 15. exf6
{[%clk 01:12:47] [%emt 00:04:12]} Nxf6 {[%clk 01:22:36] [%emt 00:00:32]} 16. Bd2
{[%clk 01:11:38] [%emt 00:01:39]} Qc7 {[%clk 01:08:25] [%emt 00:14:41]} 17. c3
{[%clk 01:10:10] [%emt 00:01:58]} bxc3 {[%clk 01:05:45] [%emt 00:03:09]} 18.
bxc3 {[%clk 01:09:57] [%emt 00:00:44]} Bd7 {[%clk 00:50:48] [%emt 00:15:27]} 19.
Ng5 {[%clk 00:56:42] [%emt 00:13:45]} Nd8 {[%clk 00:48:04] [%emt 00:03:13]} 20.
Rfb1 {[%clk 00:57:02] [%emt 00:00:10]} Be8 {[%clk 00:41:14] [%emt 00:07:20]} 21.
Nxe6 {[%clk 00:52:02] [%emt 00:05:31]} Nxe6 {[%clk 00:41:00] [%emt 00:00:44]}
22. Qxe6+ {[%clk 00:52:26] [%emt 00:00:05]} Bf7 {[%clk 00:41:14] [%emt
00:00:16]} 23. Qb6 {[%clk 00:52:53] [%emt 00:00:05]} Qc8 {[%clk 00:29:25] [%emt
00:12:18]} 24. f5 {[%clk 00:42:02] [%emt 00:11:21]} Ne4 {[%clk 00:27:46] [%emt
00:02:08]} 25. Bxe4 {[%clk 00:42:23] [%emt 00:00:09]} dxe4 {[%clk 00:28:11]
[%emt 00:00:04]} 26. Qb7 {[%clk 00:42:48] [%emt 00:00:06]} Qxb7 {[%clk 00:23:14]
[%emt 00:05:28]} 27. Rxb7 {[%clk 00:43:11] [%emt 00:00:07]} Bd6 {[%clk 00:23:40]
[%emt 00:00:04]} 28. c4 {[%clk 00:25:22] [%emt 00:18:20]} Bxc4 {[%clk 00:20:15]
[%emt 00:03:54]} 29. Nb6 {[%clk 00:25:44] [%emt 00:00:08]} Ba6 {[%clk 00:20:40]
[%emt 00:00:06]} 30. Rd7 {[%clk 00:26:06] [%emt 00:00:07]} Rad8 {[%clk 00:21:06]
[%emt 00:00:04]} 31. Rxa5 {[%clk 00:26:20] [%emt 00:00:17]} Bd3 {[%clk 00:21:25]
[%emt 00:00:10]} 32. g4 {[%clk 00:22:44] [%emt 00:04:07]} Rxd7 {[%clk 00:18:28]
[%emt 00:03:27]} 33. Nxd7 {[%clk 00:23:12] [%emt 00:00:02]} Rd8 {[%clk 00:18:50]
[%emt 00:00:07]} 34. Nc5 {[%clk 00:21:11] [%emt 00:02:30]} Be2 {[%clk 00:08:35]
[%emt 00:10:47]} 35. Ne6 {[%clk 00:18:56] [%emt 00:02:45]} Rd7 {[%clk 00:08:00]
[%emt 00:01:05]} 36. Ra8+ {[%clk 00:14:39] [%emt 00:04:47]} Kf7 {[%clk 00:08:28]
[%emt 00:00:01]} 37. Ng5+ {[%clk 00:14:32] [%emt 00:00:37]} Ke7 {[%clk 00:08:57]
[%emt 00:00:02]} 38. h3 {[%clk 00:08:59] [%emt 00:06:03]} h6 {[%clk 00:08:23]
[%emt 00:01:04]} 39. Kf2 {[%clk 00:07:14] [%emt 00:02:15]} Bd3 {[%clk 00:08:23]
[%emt 00:00:30]} 40. Ne6 {[%clk 00:07:18] [%emt 00:00:26]} Kf7 {[%clk 00:08:06]
[%emt 00:00:47]} 41. Bf4 {[%clk 00:38:58] [%emt 00:18:48]} Be7 {[%clk 00:56:13]
[%emt 00:02:24]} 42. Be5 {[%clk 00:32:55] [%emt 00:06:34]} Rb7 {[%clk 00:55:13]
[%emt 00:01:30]} 43. Nd8+ {[%clk 00:18:28] [%emt 00:14:57]} Bxd8 {[%clk
00:55:18] [%emt 00:00:25]} 44. Rxd8 {[%clk 00:18:56] [%emt 00:00:02]} Rb2+
{[%clk 00:55:30] [%emt 00:00:18]} 45. Kg3 {[%clk 00:19:11] [%emt 00:00:15]} e3
{[%clk 00:55:33] [%emt 00:00:28]} 46. Bd6 {[%clk 00:19:02] [%emt 00:00:38]} g5
{[%clk 00:55:14] [%emt 00:00:49]} 47. Rd7+ {[%clk 00:18:59] [%emt 00:00:33]} Kg8
{[%clk 00:53:21] [%emt 00:02:23]} 48. f6 {[%clk 00:17:07] [%emt 00:02:21]} Rf2
{[%clk 00:50:18] [%emt 00:03:34]} 49. Rg7+ {[%clk 00:16:50] [%emt 00:00:47]} Kh8
{[%clk 00:50:47] [%emt 00:00:01]} 50. Re7 {[%clk 00:17:00] [%emt 00:00:19]} Bc4
{[%clk 00:51:08] [%emt 00:00:09]} 51. Rxe3 {[%clk 00:16:08] [%emt 00:01:22]} Rf1
{[%clk 00:51:12] [%emt 00:00:26]} 52. Re7 {[%clk 00:10:02] [%emt 00:06:35]} Bd5
{[%clk 00:50:40] [%emt 00:01:04]} 53. Be5 {[%clk 00:10:05] [%emt 00:00:26]} Rf3+
{[%clk 00:50:04] [%emt 00:01:07]} 54. Kh2 {[%clk 00:10:33] [%emt 00:00:03]} Kg8
{[%clk 00:50:26] [%emt 00:00:07]} 55. Rg7+ {[%clk 00:09:30] [%emt 00:01:34]} Kf8
{[%clk 00:48:16] [%emt 00:02:40]} 56. Rh7 {[%clk 00:08:48] [%emt 00:01:10]} 1-0

[Site "Europe Echecs"]

[Event "Grand Swiss "]
[Date "2025.09.05"]
[White "Mishra, Abhimanyu"]
[Black "Sarana, Alexey"]
[WhiteElo "2611"]
[BlackElo "2686"]
[Round "2.2.26"]
[Result "1-0"]

1. d4 {[%clk 01:40:59] [%emt 00:00:01]} Nf6 {[%clk 01:39:38] [%emt 00:01:22]} 2.
c4 {[%clk 01:41:23] [%emt 00:00:06]} e6 {[%clk 01:40:02] [%emt 00:00:05]} 3. Nc3
{[%clk 01:41:44] [%emt 00:00:08]} d5 {[%clk 01:39:35] [%emt 00:00:58]} 4. cxd5
{[%clk 01:42:03] [%emt 00:00:11]} exd5 {[%clk 01:39:52] [%emt 00:00:12]} 5. Bg5
{[%clk 01:42:25] [%emt 00:00:09]} c6 {[%clk 01:39:45] [%emt 00:00:37]} 6. e3
{[%clk 01:42:44] [%emt 00:00:10]} Bf5 {[%clk 01:39:32] [%emt 00:00:43]} 7. f3
{[%clk 01:43:07] [%emt 00:00:08]} h6 {[%clk 01:36:09] [%emt 00:03:52]} 8. Bh4
{[%clk 01:43:00] [%emt 00:00:37]} Nbd7 {[%clk 01:32:18] [%emt 00:04:21]} 9. g4
{[%clk 01:40:37] [%emt 00:02:53]} Bh7 {[%clk 01:30:27] [%emt 00:02:20]} 10. Bg3
{[%clk 01:23:29] [%emt 00:17:39]} Nb6 {[%clk 01:24:45] [%emt 00:06:12]} 11. Bd3
{[%clk 01:20:57] [%emt 00:03:02]} Bd6 {[%clk 01:14:23] [%emt 00:10:52]} 12. Nge2
{[%clk 01:17:19] [%emt 00:04:08]} Bxg3+ {[%clk 01:08:56] [%emt 00:05:57]} 13.
Nxg3 {[%clk 01:05:51] [%emt 00:11:59]} Qe7 {[%clk 01:08:04] [%emt 00:01:22]} 14.
Qd2 {[%clk 01:05:14] [%emt 00:01:07]} Bxd3 {[%clk 01:07:45] [%emt 00:00:48]} 15.
Qxd3 {[%clk 01:05:42] [%emt 00:00:02]} g6 {[%clk 01:08:02] [%emt 00:00:13]} 16.
O-O-O {[%clk 01:02:03] [%emt 00:04:09]} O-O-O {[%clk 01:06:19] [%emt 00:02:13]}
17. Kb1 {[%clk 00:59:14] [%emt 00:03:19]} Kb8 {[%clk 01:00:48] [%emt 00:06:01]}
18. h4 {[%emt 00:08:09]} Rhe8 {[%clk 00:58:27]} 19. Rde1 {[%clk 00:48:53] [%emt
00:06:03]} Qc7 {[%clk 00:48:46] [%emt 00:10:12]} 20. Rh3 {[%clk 00:43:32] [%emt
00:05:51]} h5 {[%clk 00:40:43] [%emt 00:08:32]} 21. g5 {[%clk 00:37:05] [%emt
00:06:57]} Nfd7 {[%clk 00:39:55] [%emt 00:01:19]} 22. f4 {[%clk 00:31:08] [%emt
00:06:27]} Nc4 {[%clk 00:30:39] [%emt 00:09:46]} 23. f5 {[%clk 00:29:19] [%emt
00:02:20]} Qd6 {[%clk 00:26:29] [%emt 00:04:39]} 24. b3 {[%clk 00:22:39] [%emt
00:07:10]} Qb4 {[%clk 00:20:25] [%emt 00:06:33]} 25. Rh2 {[%clk 00:20:44] [%emt
00:02:26]} Nde5 {[%clk 00:14:28] [%emt 00:06:28]} 26. dxe5 {[%clk 00:19:51]
[%emt 00:01:23]} Nxe5 {[%clk 00:14:56] [%emt 00:00:01]} 27. Qd4 {[%clk 00:16:43]
[%emt 00:03:38]} c5 {[%clk 00:15:16] [%emt 00:00:10]} 28. Qxb4 {[%clk 00:16:52]
[%emt 00:00:22]} cxb4 {[%clk 00:15:44]} 29. Nd1 {[%clk 00:16:34] [%emt
00:00:47]} Nf3 {[%clk 00:16:02] [%emt 00:00:13]} 30. Rhh1 {[%clk 00:10:08] [%emt
00:06:57]} d4 {[%clk 00:12:48] [%emt 00:03:43]} 31. e4 {[%clk 00:09:18] [%emt
00:01:20]} Nxe1 {[%clk 00:12:37] [%emt 00:00:42]} 32. Rxe1 {[%clk 00:09:47]
[%emt 00:00:01]} d3 {[%clk 00:12:56] [%emt 00:00:11]} 33. Nf2 {[%clk 00:04:15]
[%emt 00:06:01]} d2 {[%clk 00:10:57] [%emt 00:02:29]} 34. Rd1 {[%clk 00:04:32]
[%emt 00:00:13]} Re5 {[%clk 00:10:53] [%emt 00:00:34]} 35. f6 {[%clk 00:02:46]
[%emt 00:02:15]} Rc5 {[%clk 00:09:36] [%emt 00:01:48]} 36. Nf1 {[%clk 00:02:52]
[%emt 00:00:24]} Rc3 {[%clk 00:08:14] [%emt 00:01:51]} 37. Rxd2 {[%clk 00:03:02]
[%emt 00:00:21]} Rxd2 {[%clk 00:08:18] [%emt 00:00:26]} 38. Nxd2 {[%clk
00:03:30] [%emt 00:00:02]} Kc7 {[%clk 00:08:27] [%emt 00:00:21]} 39. e5 {[%clk
00:02:32] [%emt 00:01:28]} Kd7 {[%clk 00:07:53] [%emt 00:01:04]} 40. Nfe4 {[%clk
00:02:36] [%emt 00:00:26]} Rc7 {[%clk 00:02:44] [%emt 00:05:39]} 41. Nd6 {[%clk
00:42:25] [%emt 00:10:40]} Ke6 {[%clk 00:52:33] [%emt 00:00:40]} 42. N2c4 {[%clk
00:41:21] [%emt 00:01:35]} Rd7 {[%clk 00:52:51] [%emt 00:00:12]} 43. Kc1 {[%clk
00:30:16] [%emt 00:11:36]} b6 {[%clk 00:51:29] [%emt 00:01:52]} 44. Kc2 {[%clk
00:29:05] [%emt 00:01:42]} Rd8 {[%clk 00:50:26] [%emt 00:01:33]} 45. Kd3 {[%clk
00:27:26] [%emt 00:02:08]} 1-0

[Site "Europe Echecs"]